| 000 -LEADER |
| fixed length control field |
01017nam a2200253Ia 4500 |
| 001 - CONTROL NUMBER |
| control field |
7148 |
| 003 - CONTROL NUMBER IDENTIFIER |
| control field |
GE_BSU |
| 008 - FIXED-LENGTH DATA ELEMENTS--GENERAL INFORMATION |
| fixed length control field |
181216s||||||||xx |||||||||||||| ||und|| |
| 020 ## - INTERNATIONAL STANDARD BOOK NUMBER |
| International Standard Book Number |
9789941422713. |
| 040 ## - CATALOGING SOURCE |
| Transcribing agency |
GE_BSU |
| 080 ## - UNIVERSAL DECIMAL CLASSIFICATION NUMBER |
| Universal Decimal Classification number |
821.134.2-31 |
| 100 ## - MAIN ENTRY--PERSONAL NAME |
| Personal name |
სერვანტეს,საავედრა მიგელ დე. |
| 245 ## - TITLE STATEMENT |
| Title |
მახვილგონიერი იდალგო დონ კიხოტ ლამანჩელი. 2 ნაწ. |
| 245 ## - TITLE STATEMENT |
| Remainder of title |
მეორე ნაწ:რომანი |
| 245 ## - TITLE STATEMENT |
| Statement of responsibility, etc. |
ბაჩანა ბრეგაძის თარგმანი;რედ:მაია ალუდაური. |
| 260 ## - PUBLICATION, DISTRIBUTION, ETC. |
| Place of publication, distribution, etc. |
თბილისი. |
| 260 ## - PUBLICATION, DISTRIBUTION, ETC. |
| Name of publisher, distributor, etc. |
პალიტრა L. |
| 260 ## - PUBLICATION, DISTRIBUTION, ETC. |
| Date of publication, distribution, etc. |
2011. |
| 300 ## - PHYSICAL DESCRIPTION |
| Extent |
536გვ;20სმ. |
| 653 ## - INDEX TERM--UNCONTROLLED |
| Uncontrolled term |
მახვილგონიერი იდალგო დონ კიხოტ ლამანჩელი. 2 ნაწ. |
| 653 ## - INDEX TERM--UNCONTROLLED |
| Uncontrolled term |
რომანი. |
| 942 ## - ADDED ENTRY ELEMENTS (KOHA) |
| Koha item type |
წიგნი |